000 00524 a2200193 4500
005 20260402141616.0
008 260402b |||||||| |||| 00| 0 eng d
020 _a9788185958861
_cRs. 1995.00
040 _aMAIN
082 _a371.2
_bR51E
100 _aRita
245 _aEducational management, administration and leadership
260 _bThe Readers Paradise
_c2026
_aNew Delhi
300 _aviii, 276
650 _aEducation
650 _aSchool Administration
650 _aEducational management
942 _cBK
999 _c396109
_d396109